| 000 | 01482nam a2200301 i 4500 | ||
|---|---|---|---|
| 001 | 17365 | ||
| 003 | ES-MaACL | ||
| 005 | 20260525062923.0 | ||
| 007 | t| | ||
| 008 | 010226s2000 sp ||||1| spa d | ||
| 020 | _a84-239-7504-5 | ||
| 080 | _a821.134.2"19"(082.2) | ||
| 245 | 0 | 0 |
_aProsa del 27 : _bantología / _cR. Alberti, V. Aleixandre, D. Alonso ... [et al.] ; edición, Domingo Ródenas. |
| 260 |
_aMadrid : _bEspasa-Calpe, _c[2000] |
||
| 300 |
_a525 p. ; _c18 cm. |
||
| 490 | 1 |
_aColección austral ; _v504 |
|
| 504 | _aBibliografía: p. [119]-128. | ||
| 505 | 8 | _aContiene: R. Alberti . V. Aleixandre . D. Alonso . V.A. Álvarez . C.M. Arconada . M. Aub . F. Ayala . M. Bacarisse . Corpus Barga . J. Bergamín . L. Buñuel . L. Cernuda . J. Chabás . R. Chacel . J. Díaz Fernández . G. Diego . J.J. Domenchina . A. Espina . A. Espinosa . F. García Lorca . E. Giménez Caballero . J. Guillén . J.M.ª Hinojosa . B. Jarnés . J. Larrea . A. Marichalar . J. Moreno Villa . P. Salinas . C. de la Torre . G. de Torre . F. Vela . M.ª Zambrano | |
| 650 | 4 |
_aLiteratura española- _yS.XX. _9148763 |
|
| 650 | 4 |
_aGeneración del 27 (Literatura) _913050 |
|
| 700 | 1 |
_aAlberti, Rafael, _d1902-1999 _9240174 |
|
| 700 | 1 |
_aAleixandre, Vicente, _d1898-1984 _919688 |
|
| 700 | 1 |
_aAlonso, Dámaso, _d1898-1990 _920195 |
|
| 700 | 1 |
_aRódenas de Moya, Domingo. _998116 |
|
| 830 | 1 |
_aColección austral _v504 _9177655 |
|
| 852 | 4 |
_aES-MaACL _jL-24435 |
|
| 999 |
_c17365 _d17365 |
||